Music Quiz

Random Music or Billboard Quiz

Number One Hits of 1995 Quiz Stats

 Plays Quiz not verified by Sporcle

Also try: R.E.M. Albums
Challenge
Share
Tweet
Embed
Score 0/12 Timer 04:00
0 Plays Today
Artist Number One Hit % Correct
TLCWaterfalls
86.7%
SealKiss from a Rose
80%
Montell JordanThis Is How We Do It
76.7%
Coolio featuring L.V.Gangsta's Paradise
76.7%
TLCCreep
73.3%
Mariah Carey & Boyz II MenOne Sweet Day
73.3%
Boyz II MenOn Bended Knee
53.3%
Mariah CareyFantasy
50%
Michael JacksonYou Are Not Alone
40%
Bryan AdamsHave You Ever Really Loved a Woman?
36.7%
MadonnaTake a Bow
33.3%
Whitney HoustonExhale (Shoop Shoop)
33.3%

You're not logged in!

Compare scores with friends on all Sporcle quizzes.
OR
Log In

You Might Also Like...

Show Comments

Extras

Top Quizzes Today


Score Distribution

Your Account Isn't Verified!

In order to create a playlist on Sporcle, you need to verify the email address you used during registration. Go to your Sporcle Settings to finish the process.

Report this User

Report this user for behavior that violates our Community Guidelines.

Details: